Masterkey : Mexican Masks : vol. 62, Number 2-3, Summer-Fall 1988 /

Guardado en:
Bibliografiske detaljer
Andre forfattere: Kenagy, Suzane G. (edición) (edición), Leeper, Jeannette (diseño) (diseño)
Format: Bog
Sprog:engelsk
Udgivet: Los Angeles, EUA : Southwest Museum, 1988, c1988
Fag:
Tags: Tilføj Tag
Ingen Tags, Vær først til at tagge denne postø!

MARC

LEADER 00000nam^a2200000^a^4500
001 000563990
005 20250526000000.0
009 20260310132016.741
037 |a Acervo ITESO - Biblioteca 
041 |a ING 
091 |a FHA. 03018 
240 1 1 |a [Masterkey] 
245 0 0 |a Masterkey :  |b Mexican Masks : vol. 62, Number 2-3, Summer-Fall 1988 /  |c Ed. de S.G. Kenagy ; diseño de J. Leeper. 
264 4 |a Los Angeles, EUA :  |b Southwest Museum,  |c 1988, c1988 
300 |a 48 p. ;  |c 28.0 cm. 
336 |a texto  |b txt  |2 rdacontenido 
337 |a sin mediación  |b n  |2 rdamedio 
338 |a volumen  |b nc  |2 rdasoporte 
515 |a Inventario familia Hartung: 2540 
561 |a Ex libris de Hartung Ashida [Familia] 
649 |a XX 
650 |a Máscaras -  |z México -  |x Exposiciones -  |x Catálogos 
650 |a Máscaras -  |z México -  |x Tema Principal 
650 |a Artesanía -  |z México 
650 |a Arte Popular -  |z México 
650 |a Arte Mexicano -  |x Exposiciones -  |x Catálogos 
650 |a Arte Mexicano -  |x Historia y Crítica 
700 |a Kenagy, Suzane G.  |e (edición) 
700 |a Leeper, Jeannette  |e (diseño) 
910 |a Fondo Horst Hartung Franz 
920 |a Impresos - Libros 
930 |a Libros Antiguos y Raros 
905 |a 135 
901 |a 0500331635  |b IT2  |c LRA  |i D  |u 20250526 
902 |a https://opac.biblio.iteso.mx/vufind/Record/000563990